Дело по прошению члена Главного правления училищ Эммануила Адеркаса о вознаграждении его за понесенные издержки при откомандиров...

Доступно только в Электронных читальных залах Найти на картеНа карте
RUSMARC
00003598nmc2a2200000 x 450
0019c166e06-6239-4d9b-a54a-9a0c1bb89170
00520151214181321.0
100##$a20150623l18301831k l0rusy0189 ca
1010#$arus
102##$aRU
2001#$aДело по прошению члена Главного правления училищ Эммануила Адеркаса о вознаграждении его за понесенные издержки при откомандировании в город Нежин
$j26 июня 1830 г. - 22 февраля 1831 г.
251##$cДело
300##$aДело
801#0$aRU
$bРГИА
$c20150623
$gRCR
801#1$aRU
$bГлавНИВЦ
$c20150623
$2rusmarc
801#2$aRU
$bПБ им. Б.Н. Ельцина
$c20151214
$gRCR
$2rusmarc
850##$aРГИА
852##$aРГИА
$eФедеральное казенное учреждение "Российский государственный исторический архив" (РГИА)
$j52
937##$hРГИА
$d12157671
$aASBIBLIO_SCAN
462#0$1001a9ac5b77-7eae-4409-9631-6ef4f0107d3e
$12001
$aДела Департамента народного просвещения по Нежинской гимназии
$1251
$cОпись
$1852
$j94
461#0$1001a74412a3-3cc5-4d21-8f0a-dfe2fbd9e72d
$12001
$aДепартамент народного просвещения Министерства народного просвещения
$1251
$cФонд
$1852
$j733
215##$a14 л.
$d36,5х26 см
371##$aДокумент не является опубликованным и широко распространяемым
105##$aу###
1222#$ad
035##$a9c166e06-6239-4d9b-a54a-9a0c1bb89170
Формат отображения